A nova lei de migração e os regimes internacionais / (Record no. 108)

MARC details
000 -LÍDER
Campo Fixo de Controle 00872cam a2200265 a 4500
001 - NÚMERO DE CONTROLE
Campo de Controle 108
003 - IDENTIFICAÇÃO DO NÚMERO DE CONTROLE
Campo de Controle BR-CuiBMT
005 - DATA E HORA DA ÚLTIMA ATUALIZAÇÃO
Campo de Controle 20231107194949.0
008 - DADOS FIXOS
Dados Fixos 230815s2021 mgb 000 0 por d
020 ## - INTERNATIONAL STANDARD BOOK NUMBER
Nº do ISBN 9786555181678
040 ## - AGÊNCIA CATALOGADORA
Código da Agência Catalogadora BR-CuiBMT
Agência que transcreveu o registro BR-CuiBMT
080 ## - Nº DA CLASSIFICAÇÃO DECIMAL UNIVERSAL
Nº edição CDU 2007
Nº Class. CDU 341.1
090 ## - NÚMERO DE CHAMADA
Nº classificação 341.1
Cutter N935
245 02 - TÍTULO PRINCIPAL
Título principal A nova lei de migração e os regimes internacionais /
Indicação de responsabilidade Ana Flavia Velloso, Tarciso Dal Maso Jardim, coordenadores ; Francisco Rezek, prefácio.
260 ## - PUBLICAÇÃO, DISTRIBUIÇÃO, ETC.
Local de publicação Belo Horizonte :
Editora Fórum,
Data 2021.
300 ## - DESCRIÇÃO FÍSICA
N. páginas ou volumes 433 p. ;
Dimensões 22 cm
504 ## - NOTA DE BIBLIOGRAFIA, ETC.
Nota de bibliografia Inclui bibliografia.
650 ## - ASSUNTO TÓPICO
Cabeçalho tópico ou nome geográfico Direito internacional privado
650 ## - ASSUNTO TÓPICO
Cabeçalho tópico ou nome geográfico Direito internacional público
650 ## - ASSUNTO TÓPICO
Cabeçalho tópico ou nome geográfico Direitos humanos
Subdivisão geral Imigração
650 ## - ASSUNTO TÓPICO
Cabeçalho tópico ou nome geográfico Imigração
Subdivisão de forma Legislação
700 1# - ENTRADA SECUNDÁRIA -- NOME PESSOAL
Nome pessoal Velloso, Ana Flavia
Cód. do termo explicativo coord.
700 1# - ENTRADA SECUNDÁRIA -- NOME PESSOAL
Nome pessoal Jardim, Tarcisio Dal Maso
Cód. do termo explicativo coord.
942 ## - ELEMENTOS DE ENTRADA ADICIONAIS (KOHA)
Fonte de classificação ou esquema de arquivamento Classificação Decimal Universal
Tipo de item do Koha Livros
Holdings
Estado: removido Estado: perdido Fonte de classificação ou esquema de arquivamento Estado: danificado Indisponível para empréstimo Localização permanente Localização atual Data de aquisição Total Checkouts Número de Chamada completo Código de barras Date last seen Número do exemplar Preço efetivo a partir de Tipo de item (Koha)
    Classificação Decimal Universal     Biblioteca da Escola Superior de Contas do TCE/MT Biblioteca da Escola Superior de Contas do TCE/MT 28/06/2023   341.1 N935 BIBTCEMT23080085 15/08/2023 Ex. 1 15/08/2023 Livros
    Classificação Decimal Universal     Biblioteca da Escola Superior de Contas do TCE/MT Biblioteca da Escola Superior de Contas do TCE/MT 16/11/2023   341.1 N935 BIBTCEMT23110631 16/11/2023 Ex. 2 16/11/2023 Livros
    Classificação Decimal Universal     Biblioteca da Escola Superior de Contas do TCE/MT Biblioteca da Escola Superior de Contas do TCE/MT 16/11/2023   341.1 N935 BIBTCEMT23110632 16/11/2023 Ex. 3 16/11/2023 Livros

Powered by Koha